[Event "Wch Seniors 65 26th"]
[Site "Marianske Lazne"]
[Date "2016.11.24"]
[Round "6"]
[White "Ladisic, Alex Sacha"]
[Black "Bratus, Petr P"]
[Result "1/2-1/2"]
[WhiteElo "1970"]
[BlackElo "2140"]
[PlyCount "79"]
[EventDate "2016.11.19"]
[EventType "swiss"]
[EventRounds "11"]
[EventCountry "CZE"]
[SourceTitle "CBM 175 Extra"]
[Source "ChessBase"]
[SourceDate "2016.12.12"]
[SourceVersion "1"]
[SourceVersionDate "2016.12.12"]
[SourceQuality "1"]

1. e4 c5 2. Nf3 Nc6 3. d4 cxd4 4. Nxd4 Nf6 5. Nc3 d6 6. Be2 Bd7 7. 0-0 g6 8. Be3 Bg7 9. Nb3 0-0 10. f4 b5 11. Bf3 b4 12. Nd5 Nxd5 13. exd5 Na5 14. Nxa5 Qxa5 15. Bd4 Bxd4+ 16. Qxd4 Rac8 17. Rfc1 Qc5 18. Qxc5 Rxc5 19. a3 bxa3 20. Rxa3 a5 21. c3 Rb8 22. b3 e6 23. c4 exd5 24. Bxd5 Be6 25. Bxe6 fxe6 26. Rca1 Kf7 27. Rxa5 Rxa5 28. Rxa5 Rxb3 29. Ra7+ Kf6 30. Rxh7 Rc3 31. Rd7 Rxc4 32. Rxd6 Rxf4 33. Rd2 Kf5 34. Rf2 g5 35. Rxf4+ gxf4 36. Kf2 e5 37. g3 Kg4 38. gxf4 exf4 39. h3+ Kxh3 40. Kf3 1/2-1/2

[Event "Chigorin Memorial 23rd"]
[Site "St Petersburg"]
[Date "2015.10.06"]
[Round "4"]
[White "Bratus, Petr P"]
[Black "Nazarova, Anastasia"]
[Result "1/2-1/2"]
[WhiteElo "2124"]
[BlackElo "1941"]
[PlyCount "94"]
[EventDate "2015.10.03"]
[EventType "swiss"]
[EventRounds "9"]
[EventCountry "RUS"]
[SourceTitle "CBM 168 Extra"]
[Source "ChessBase"]
[SourceDate "2015.10.29"]
[SourceVersion "1"]
[SourceVersionDate "2015.10.29"]
[SourceQuality "1"]

1. d4 d5 2. c4 c6 3. Nf3 Nf6 4. Nc3 dxc4 5. a4 Bf5 6. e3 e6 7. Bxc4 Bb4 8. 0-0 0-0 9. h3 h6 10. Bd3 c5 11. Bxf5 exf5 12. Qc2 g6 13. Rd1 Qe7 14. Na2 cxd4 15. Nxb4 Qxb4 16. Rxd4 Qe7 17. b3 Qe6 18. Ba3 Rc8 19. Qd3 Nbd7 20. Rd6 Qe8 21. Qd4 Rc6 22. Rxc6 bxc6 23. Rc1 Qe6 24. b4 Qb3 25. Bb2 Qd5 26. Qh4 Nh5 27. Qe7 Ng7 28. Nd4 Rc8 29. Nf3 g5 30. Bxg7 Kxg7 31. Nd4 a6 32. g4 fxg4 33. hxg4 Kh7 34. f3 Ne5 35. Qf6 Nd7 36. Qf5+ Qxf5 37. Nxf5 Ne5 38. Kg2 Rb8 39. f4 gxf4 40. exf4 Nxg4 41. Rxc6 Rxb4 42. Kg3 h5 43. Rxa6 Rb1 44. a5 Rg1+ 45. Kh3 Rf1 46. Ng3 Rxf4 47. Nxh5 Re4 1/2-1/2

[Event "Chigorin Memorial 22nd"]
[Site "St Petersburg"]
[Date "2014.10.21"]
[Round "4"]
[White "Bublei, Pavel"]
[Black "Bratus, Petr P"]
[Result "1-0"]
[WhiteElo "2339"]
[BlackElo "2106"]
[PlyCount "65"]
[EventDate "2014.10.18"]
[EventType "swiss"]
[EventRounds "9"]
[EventCountry "RUS"]
[SourceTitle "EXT 2015"]
[Source "ChessBase"]
[SourceDate "2014.11.20"]
[SourceVersion "1"]
[SourceVersionDate "2014.11.20"]
[SourceQuality "1"]

1. d4 Nf6 2. Nf3 e6 3. c4 b6 4. g3 Bb7 5. Bg2 Be7 6. 0-0 0-0 7. d5 exd5 8. Nh4 c6 9. cxd5 Nxd5 10. Nf5 Nc7 11. e4 d5 12. Nc3 Bf6 13. exd5 cxd5 14. Bf4 Nba6 15. Re1 Bc6 16. Qg4 Kh8 17. Rad1 Re8 18. Ne4 Re6 19. Ned6 Qf8 20. Rc1 Nc5 21. b4 Rxe1+ 22. Rxe1 Nd3 23. Nh6 gxh6 24. Qf5 Bg7 25. Qxd3 Ne6 26. Qf5 Nxf4 27. Qxf4 Be8 28. Bxd5 Rd8 29. Rxe8 Rxe8 30. Nxf7+ Kg8 31. Nxh6+ Kh8 32. Nf7+ Kg8 33. Qf5 1-0

[Event "Komi-ch"]
[Site "Vorkuta"]
[Date "2013.02.20"]
[Round "5"]
[White "Vasilev, Peter"]
[Black "Bratus, Petr P"]
[Result "1/2-1/2"]
[WhiteElo "1965"]
[BlackElo "2143"]
[PlyCount "141"]
[EventDate "2013.02.16"]
[EventType "swiss"]
[EventRounds "9"]
[EventCountry "RUS"]
[SourceTitle "CBM 153 Extra"]
[Source "ChessBase"]
[SourceDate "2013.04.22"]
[SourceVersion "1"]
[SourceVersionDate "2013.04.22"]
[SourceQuality "1"]

1. c4 Nf6 2. g3 e6 3. Bg2 d5 4. Nf3 c5 5. 0-0 dxc4 6. Na3 Nc6 7. Nxc4 Be7 8. b3 0-0 9. Bb2 Nd5 10. d4 cxd4 11. Nxd4 Nxd4 12. Bxd4 b6 13. Qb1 Bb7 14. e4 Nb4 15. Rd1 Qc8 16. Qb2 f6 17. Rac1 Qb8 18. Bh3 e5 19. Bc3 Bxe4 20. Bxb4 Bxb4 21. Qe2 Qb7 22. Rd7 Qc6 23. Qg4 Bg6 24. a3 Bc5 25. b4 Bd4 26. Bg2 Qc8 27. Bxa8 f5 28. Qd1 Qxd7 29. Nxe5 Bxf2+ 30. Kxf2 Qxd1 31. Rxd1 Rxa8 32. Nxg6 hxg6 33. h4 Rc8 34. Rd3 Kh7 35. Ke3 Rc4 36. Kd2 a5 37. b5 Rc5 38. a4 Rc4 39. Ra3 Kh6 40. Ke3 Kh5 41. Kf3 g5 42. hxg5 Kxg5 43. Rd3 Rxa4 44. Rd6 Ra3+ 45. Kg2 Rb3 46. Rxb6 a4 47. Ra6 a3 48. b6 Kg4 49. Ra4+ Kh5 50. b7 Rb2+ 51. Kf3 Rxb7 52. Rxa3 Rb4 53. Rc3 g6 54. Ra3 Kg5 55. Rc3 Rb1 56. Ra3 Kh5 57. Rc3 Rb2 58. Rc5 Rb3+ 59. Kg2 Kg4 60. Rc4+ Kg5 61. Rc5 Kg4 62. Rc4+ Kh5 63. Rc5 g5 64. Rxf5 Kg4 65. Ra5 Rxg3+ 66. Kh2 Re3 67. Kg2 Re2+ 68. Kf1 Rb2 69. Kg1 Kh4 70. Ra3 g4 71. Rc3 1/2-1/2

[Event "Chigorin Memorial 20th"]
[Site "St Petersburg"]
[Date "2012.11.01"]
[Round "6"]
[White "Bratus, Petr P"]
[Black "Sukhareva, Evgenia"]
[Result "1-0"]
[WhiteElo "2114"]
[BlackElo "2268"]
[PlyCount "79"]
[EventDate "2012.10.27"]
[EventType "swiss"]
[EventRounds "9"]
[EventCountry "RUS"]
[SourceTitle "EXT 2013"]
[Source "ChessBase"]
[SourceDate "2012.11.22"]
[SourceVersion "1"]
[SourceVersionDate "2012.11.22"]
[SourceQuality "1"]

1. d4 d5 2. c4 e6 3. Nc3 c6 4. Nf3 Nf6 5. e3 a6 6. a4 c5 7. Bd3 b6 8. 0-0 Bb7 9. Qe2 Be7 10. Rd1 0-0 11. Ne5 Nc6 12. cxd5 Nxe5 13. dxe5 Nxd5 14. Bxh7+ Kxh7 15. e4 Kg8 16. exd5 Bxd5 17. Bf4 Ra7 18. Rd3 Re8 19. Rad1 Rd7 20. Qg4 Qc8 21. Bh6 g6 22. h4 Red8 23. h5 Bb3 24. hxg6 f5 25. exf6 Bxf6 26. Rxd7 Rxd7 27. Rxd7 Qxd7 28. Qf3 Qe7 29. Qa8+ Qd8 30. Qb7 Be7 31. Bg5 Bd5 32. Qxe7 Qxe7 33. Bxe7 Bc6 34. Bf6 Be8 35. g7 Bg6 36. f3 Kf7 37. Kf2 Bh7 38. Be5 Kg6 39. g4 Kf7 40. Ne4 1-0

[Event "Chigorin Memorial 20th"]
[Site "St Petersburg"]
[Date "2012.10.29"]
[Round "3"]
[White "Bazeev, German"]
[Black "Bratus, Petr P"]
[Result "1-0"]
[WhiteElo "2319"]
[BlackElo "2114"]
[PlyCount "71"]
[EventDate "2012.10.27"]
[EventType "swiss"]
[EventRounds "9"]
[EventCountry "RUS"]
[SourceTitle "EXT 2013"]
[Source "ChessBase"]
[SourceDate "2012.11.22"]
[SourceVersion "1"]
[SourceVersionDate "2012.11.22"]
[SourceQuality "1"]

1. Nf3 Nf6 2. c4 c5 3. Nc3 Nc6 4. e3 e6 5. d4 d5 6. cxd5 exd5 7. Bb5 a6 8. Bxc6+ bxc6 9. Ne5 Qc7 10. Qa4 Bb7 11. 0-0 Bd6 12. Nf3 0-0 13. dxc5 Bxc5 14. Bd2 Rfe8 15. Rac1 Bd6 16. Rfd1 Rac8 17. Ne2 Ne4 18. Ng3 Nxg3 19. hxg3 Re4 20. Qc2 h6 21. Bc3 c5 22. Nd2 Re6 23. Qa4 Rg6 24. Nf1 Qe7 25. Re1 h5 26. e4 dxe4 27. Ne3 Qg5 28. Rcd1 Rf8 29. Rd2 f5 30. Qb3+ Rf7 31. Red1 Qe7 32. Nxf5 Qc7 33. Nxd6 Rxd6 34. Rxd6 e3 35. Rd8+ Kh7 36. Qc2+ 1-0

[Event "St Petersburg-ch Seniors"]
[Site "St Petersburg"]
[Date "2012.02.04"]
[Round "8"]
[White "Bratus, Petr P"]
[Black "Makovetsky, Boris"]
[Result "1/2-1/2"]
[WhiteElo "2129"]
[BlackElo "2166"]
[PlyCount "173"]
[EventDate "2012.01.27"]
[EventType "swiss"]
[EventRounds "9"]
[EventCountry "RUS"]
[SourceTitle "EXT 2013"]
[Source "ChessBase"]
[SourceDate "2012.11.22"]
[SourceVersion "1"]
[SourceVersionDate "2012.11.22"]
[SourceQuality "1"]

1. d4 c5 2. c3 e6 3. e4 b6 4. Nf3 Bb7 5. Bd3 a6 6. Qe2 d6 7. 0-0 Nd7 8. Nbd2 h6 9. Re1 g5 10. h3 Qc7 11. a4 Ne7 12. Nc4 Bg7 13. Be3 d5 14. exd5 Nxd5 15. Rad1 b5 16. axb5 axb5 17. Nce5 c4 18. Bb1 Nxe5 19. Nxe5 Rd8 20. Bc1 Rg8 21. Bd2 Bxe5 22. dxe5 Ke7 23. Qh5 Rh8 24. Bc2 Rdg8 25. Kf1 Qc6 26. Be4 Qc7 27. Bf3 f5 28. Ra1 Bc6 29. Bxd5 Bxd5 30. Be3 Bb7 31. Ra7 Qc6 32. f3 g4 33. Rea1 gxf3 34. Rxb7+ Qxb7 35. Ra7 fxg2+ 36. Kg1 Qxa7 37. Bxa7 Rh7 38. Bc5+ Kd8 39. Qf3 Kc7 40. Bd6+ Kb6 41. Qf2+ Ka6 42. Qc5 Rhg7 43. Bc7 Kb7 44. Qb6+ Kc8 45. Bd6 f4 46. Qxb5 Kd8 47. Qb8+ Kd7 48. Qc7+ Ke8 49. Qc8+ Kf7 50. Qd7+ Kg6 51. Qxe6+ Kh7 52. Qf5+ Rg6 53. Qxf4 Ra8 54. Ba3 Rd8 55. Qf7+ Rg7 56. Qf5+ Rg6 57. Bd6 Ra8 58. Qb1 Kg7 59. Bc5 Rg5 60. Qe1 Kf7 61. e6+ Ke8 62. Ba3 Rd8 63. Qe4 Rdd5 64. Qe1 Rde5 65. Qd1 Rxe6 66. h4 Rgg6 67. Bc5 h5 68. Bf2 Ra6 69. Kh2 Rg4 70. Qd5 Rag6 71. Kg1 Rh6 72. Be3 Rh7 73. Qe6+ Re7 74. Qh6 Ree4 75. Qxh5+ Ke7 76. Bf2 Ref4 77. Qe5+ Kf7 78. h5 Kg8 79. Qd5+ Kh7 80. Qd7+ Rg7 81. Qd2 Rf3 82. Qe2 Rh3 83. Qe4+ Kh8 84. Qe8+ Kh7 85. Qe4+ Kh8 86. Qa8+ Kh7 87. Qe4+ 1/2-1/2

[Event "Chigorin Memorial 18th"]
[Site "St Petersburg"]
[Date "2010.11.01"]
[Round "5"]
[White "Bratus, Petr P"]
[Black "Menovshchikov, Mark"]
[Result "0-1"]
[WhiteElo "2175"]
[BlackElo "2023"]
[PlyCount "98"]
[EventDate "2010.10.28"]
[EventType "swiss"]
[EventRounds "9"]
[EventCountry "RUS"]
[SourceTitle "EXT 2011"]
[Source "ChessBase"]
[SourceDate "2010.11.26"]
[SourceVersion "1"]
[SourceVersionDate "2010.11.26"]
[SourceQuality "1"]

1. d4 Nf6 2. c4 g6 3. Nc3 Bg7 4. e4 d6 5. Nf3 0-0 6. Be2 e5 7. 0-0 Nc6 8. d5 Ne7 9. b4 Nh5 10. g3 f5 11. Ng5 Nf6 12. Bf3 fxe4 13. Ngxe4 Nxe4 14. Nxe4 Bh3 15. Bg2 Bxg2 16. Kxg2 Nf5 17. Bb2 Nd4 18. Bxd4 exd4 19. h4 h6 20. Qd3 Qe7 21. Nd2 Rae8 22. Nf3 Qe2 23. Rfd1 Qxd3 24. Rxd3 Re2 25. Rd2 d3 26. Rad1 Bc3 27. Rxd3 Bxb4 28. a3 Bc5 29. R1d2 Rxd2 30. Rxd2 Bxa3 31. Nd4 a5 32. Re2 Kf7 33. Nb5 Bb4 34. Nxc7 Rc8 35. Nb5 Rxc4 36. Re6 a4 37. Nxd6+ Bxd6 38. Rxd6 Rb4 39. Rd8 a3 40. d6 Rb3 41. g4 Ke6 42. f4 Rb2+ 43. Kf3 a2 44. f5+ gxf5 45. gxf5+ Kxf5 46. d7 Ke6 47. Ra8 Kxd7 48. Kg4 b6 49. Ra3 Kc6 0-1